[Event "Aragon-chT Preferente Gr-II"]
[Site "Aragon"]
[Date "2020.02.01"]
[Round "2.56"]
[White "Jaques Burguete, Raul"]
[Black "Mombiela de Sus, Jose Luis"]
[Result "1/2-1/2"]
[WhiteElo "2001"]
[BlackElo "1933"]
[PlyCount "70"]
[EventDate "2020.01.25"]
[EventType "team-tourn"]
[EventRounds "9"]
[EventCountry "ESP"]
[SourceTitle "EXT 2022"]
[Source "ChessBase"]
[SourceDate "2021.10.06"]
[SourceVersion "1"]
[SourceVersionDate "2021.10.06"]
[SourceQuality "1"]
[WhiteTeam "St Casablanca III"]
[BlackTeam "Las Fuentes II"]
[WhiteTeamCountry "ESP"]
[BlackTeamCountry "ESP"]

1. e4 d5 2. exd5 Nf6 3. Nf3 Bg4 4. d4 Qxd5 5. Be2 Nc6 6. c4 Qf5 7. h3 Bxf3 8. Bxf3 0-0-0 9. Bxc6 Qe6+ 10. Qe2 Qxc6 11. d5 Nxd5 12. 0-0 Nb4 13. Be3 g5 14. Nc3 Kb8 15. Rad1 Bg7 16. a3 Bxc3 17. bxc3 Na6 18. Rxd8+ Rxd8 19. Bxg5 Re8 20. Rd1 b6 21. Be3 Rg8 22. f3 Nc5 23. Rd5 Na4 24. Qd3 Nb2 25. Qxh7 Qg6 26. Qxg6 Rxg6 27. c5 Nc4 28. Bc1 b5 29. c6 Rxc6 30. Rxb5+ Nb6 31. Bd2 Kc8 32. Rb3 Nc4 33. Bc1 f5 34. a4 Rd6 35. Kf2 e5 1/2-1/2

[Event "Aragon-chT Honor Gr I"]
[Site "Aragon"]
[Date "2018.02.03"]
[Round "2.15"]
[White "Gines Esteo, Pedro Antonio"]
[Black "Jaques Burguete, Raul"]
[Result "1-0"]
[WhiteElo "2386"]
[BlackElo "2002"]
[PlyCount "73"]
[EventDate "2018.01.27"]
[EventType "team-tourn"]
[EventRounds "7"]
[EventCountry "ESP"]
[SourceTitle "EXT 2019"]
[Source "ChessBase"]
[SourceDate "2018.10.10"]
[SourceVersion "1"]
[SourceVersionDate "2018.10.10"]
[SourceQuality "1"]
[WhiteTeam "Jaime Casas"]
[BlackTeam "St Casablanca II"]
[WhiteTeamCountry "ESP"]
[BlackTeamCountry "ESP"]

1. d4 d5 2. Nf3 Nf6 3. g3 Bg4 4. Bg2 c6 5. 0-0 Nbd7 6. c4 e6 7. cxd5 exd5 8. Qb3 Nb6 9. a4 Qc7 10. Ne5 Be6 11. a5 Nc4 12. Nxc4 dxc4 13. Qc2 Rd8 14. Bf4 Bd6 15. Bxd6 Qxd6 16. e3 b5 17. axb6 axb6 18. Ra6 Nd5 19. Qe2 b5 20. Nc3 Nb4 21. Ra7 0-0 22. Rfa1 Rd7 23. Ne4 Qe7 24. Rxd7 Bxd7 25. Nc5 Be8 26. Qd2 Nd5 27. e4 Nc7 28. Ra7 Qd8 29. d5 cxd5 30. Qa5 Ne6 31. Qxd8 Nxd8 32. exd5 b4 33. Ra8 c3 34. bxc3 bxc3 35. Rxd8 Ba4 36. Rxf8+ Kxf8 37. Nd3 1-0

[Event "Aragon-chT Preferente A"]
[Site "Aragon"]
[Date "2016.02.06"]
[Round "2.45"]
[White "Jaques Burguete, Raul"]
[Black "Accattato Martin, Nicola"]
[Result "0-1"]
[WhiteElo "2011"]
[BlackElo "2000"]
[PlyCount "50"]
[EventDate "2016.01.30"]
[EventType "team-tourn"]
[EventRounds "9"]
[EventCountry "ESP"]
[SourceTitle "EXT 2018"]
[Source "ChessBase"]
[SourceDate "2017.10.13"]
[SourceVersion "1"]
[SourceVersionDate "2017.10.13"]
[SourceQuality "1"]
[WhiteTeam "St Casablanca IV"]
[BlackTeam "Monsalud"]
[WhiteTeamCountry "ESP"]
[BlackTeamCountry "ESP"]

1. e4 d6 2. d4 Nf6 3. Bd3 e5 4. c3 Be7 5. f4 0-0 6. Nf3 Nbd7 7. 0-0 c6 8. h3 d5 9. fxe5 dxe4 10. exf6 Nxf6 11. Bc2 exf3 12. Qxf3 Qd5 13. Qg3 Be6 14. Nd2 c5 15. Qd3 g6 16. Nf3 Rad8 17. Be3 Nh5 18. Ne5 Ng3 19. Rf3 Nf5 20. Bb3 Qxe5 21. Bf4 c4 22. Bxc4 Bxc4 23. Qxc4 Qd5 24. Qe2 Rfe8 25. Be5 Bf6 0-1

[Event "Aragon-chT Honor Descenso"]
[Site "Aragon"]
[Date "2013.03.23"]
[Round "9.27"]
[White "Jaques Burguete, Raul"]
[Black "Vasilev, Vas"]
[Result "1-0"]
[WhiteElo "2027"]
[BlackElo "1942"]
[PlyCount "77"]
[EventDate "2013.01.26"]
[EventType "team-tourn"]
[EventRounds "11"]
[EventCountry "ESP"]
[SourceTitle "EXT 2014"]
[Source "ChessBase"]
[SourceDate "2013.11.20"]
[SourceVersion "1"]
[SourceVersionDate "2013.11.20"]
[SourceQuality "1"]
[WhiteTeam "St Casablanca II"]
[BlackTeam "Caissa Hermanos Cortes"]
[WhiteTeamCountry "ESP"]
[BlackTeamCountry "ESP"]

1. e4 g6 2. d4 d6 3. f4 c6 4. Nf3 d5 5. e5 Bg4 6. h3 Bxf3 7. Qxf3 e6 8. Bd3 h5 9. Be3 h4 10. Nd2 Nh6 11. 0-0 Nf5 12. Bf2 Nd7 13. Nb3 Be7 14. Rad1 Qb6 15. c4 a5 16. c5 Qa7 17. Rc1 a4 18. Nd2 Qa5 19. Qe2 Kd8 20. a3 Kc7 21. Nf3 Rag8 22. Rc3 Ng3 23. Bxg3 hxg3 24. Ng5 Nxc5 25. dxc5 Bxc5+ 26. Kh1 Bd4 27. Rc2 Rf8 28. Bxg6 fxg6 29. Nxe6+ Kb8 30. Nxd4 c5 31. Ne6 Rc8 32. Rfc1 b6 33. Qd3 d4 34. Qxg3 Qa8 35. Ng5 Qd5 36. Qd3 Rcf8 37. Qxg6 Qb7 38. Rc4 Qd7 39. Qxb6+ 1-0

[Event "Aragon-chT Honor GrB"]
[Site "Aragon"]
[Date "2013.03.09"]
[Round "7.27"]
[White "Jaques Burguete, Raul"]
[Black "Ramiro Ovejero, Juan Luis"]
[Result "0-1"]
[WhiteElo "2027"]
[BlackElo "2362"]
[PlyCount "96"]
[EventDate "2013.01.26"]
[EventType "team"]
[EventRounds "7"]
[EventCountry "ESP"]
[SourceTitle "EXT 2014"]
[Source "ChessBase"]
[SourceDate "2013.11.20"]
[SourceVersion "1"]
[SourceVersionDate "2013.11.20"]
[SourceQuality "1"]
[WhiteTeam "St Casablanca II"]
[BlackTeam "Jaime Casas"]
[WhiteTeamCountry "ESP"]
[BlackTeamCountry "ESP"]

1. e4 c6 2. d4 d5 3. e5 Bf5 4. f4 e6 5. Nf3 c5 6. Bb5+ Nc6 7. c3 Bg4 8. 0-0 Qb6 9. Qa4 a6 10. Bxc6+ Qxc6 11. Qxc6+ bxc6 12. Be3 Rb8 13. dxc5 Bxf3 14. Rxf3 Rxb2 15. Nd2 Nh6 16. Nb3 Nf5 17. Bd4 Be7 18. Rf2 Rxf2 19. Kxf2 Kd7 20. Nd2 Rb8 21. a4 Rb2 22. Ke2 Bd8 23. Kd3 Nxd4 24. cxd4 Ba5 25. Nf3 Rxg2 26. Rg1 Rxg1 27. Nxg1 f6 28. Nf3 Bc7 29. h4 h5 30. Ne1 Ke7 31. Ke3 fxe5 32. dxe5 Bd8 33. Nf3 Kd7 34. Ng5 Ba5 35. Nf3 Bb4 36. Kd4 Ke7 37. Ng5 Be1 38. Kd3 Bxh4 39. Nf3 Bg3 40. Nd4 Kd7 41. Ke3 Be1 42. f5 exf5 43. Kf4 g6 44. Kg5 Bf2 45. e6+ Ke7 46. Nxc6+ Kxe6 47. Nb8 Bxc5 48. Nxa6 Bd6 0-1

[Event "Aragon-chT"]
[Site "Aragon"]
[Date "2009.03.28"]
[Round "9"]
[White "Alonso Blasco, Jose Miguel"]
[Black "Jaques Burguete, Raul"]
[Result "1-0"]
[WhiteElo "2098"]
[BlackElo "2100"]
[PlyCount "167"]
[EventDate "2009.01.24"]
[EventType "team-swiss"]
[EventRounds "9"]
[EventCountry "ESP"]
[SourceTitle "EXT 2011"]
[Source "ChessBase"]
[SourceDate "2010.11.26"]
[SourceVersion "1"]
[SourceVersionDate "2010.11.26"]
[SourceQuality "1"]

1. e4 Nc6 2. Nf3 d5 3. exd5 Qxd5 4. Nc3 Qa5 5. Bb5 Bd7 6. Qe2 e6 7. 0-0 Bd6 8. d4 a6 9. Bxc6 Bxc6 10. Ne5 Bxe5 11. dxe5 Ne7 12. f4 h5 13. Be3 Nf5 14. a3 Nxe3 15. Qxe3 0-0-0 16. b4 Qb6 17. Qxb6 cxb6 18. Rad1 Rxd1 19. Rxd1 Rd8 20. Rxd8+ Kxd8 21. Kf2 Ke7 22. Nd1 f6 23. Ne3 g5 24. Kg3 b5 25. c3 Kf7 26. fxg5 fxg5 27. h4 Kg6 28. Kh3 Be4 29. g3 g4+ 30. Kh2 Bf3 31. Kg1 Bc6 32. Kf2 Bf3 33. Ke1 Bc6 34. Kd2 Be4 35. Ke2 Bb1 36. c4 bxc4 37. Nxc4 Kf5 38. Nd6+ Kxe5 39. Nxb7 Kd5 40. Ke3 e5 41. Nc5 a5 42. Nd3 axb4 43. Nxb4+ Kc4 44. Nc6 Kd5 45. Ne7+ Ke6 46. Nc8 Kd7 47. Na7 Bg6 48. a4 Kc7 49. Nb5+ Kb6 50. Na3 Kc5 51. Nb5 Kb4 52. Nd6 Kxa4 53. Nc4 e4 54. Nb6+ Kb5 55. Nd5 Kc5 56. Nf4 Bf5 57. Nxh5 Kd5 58. Kf4 Bc8 59. Nf6+ Ke6 60. Nxe4 Kf7 61. Kg5 Kg7 62. Nf6 Ba6 63. Nxg4 Bd3 64. Ne3 Bb1 65. Nf5+ Kh7 66. g4 Bd3 67. Kf6 Be2 68. g5 Bh5 69. Nh6 Be8 70. Nf7 Ba4 71. Ne5 Bd1 72. Nf7 Bh5 73. Ne5 Bd1 74. Ng6 Bc2 75. Nf4 Bb3 76. h5 Bd1 77. Kf7 Bb3+ 78. Kf8 Bc4 79. Ng2 Be2 80. g6+ Kh6 81. g7 Bc4 82. Nf4 Kh7 83. Ng6 Bb3 84. Ne5 1-0

[Event "Aragon-chT"]
[Site "Aragon"]
[Date "2008.02.23"]
[Round "4"]
[White "Jaques Burguete, Raul"]
[Black "Valles Mata, David"]
[Result "0-1"]
[WhiteElo "2127"]
[BlackElo "2107"]
[PlyCount "96"]
[EventDate "2008.02.02"]
[EventType "team-swiss"]
[EventRounds "12"]
[EventCountry "ESP"]
[SourceTitle "EXT 2011"]
[Source "ChessBase"]
[SourceDate "2010.11.26"]
[SourceVersion "1"]
[SourceVersionDate "2010.11.26"]
[SourceQuality "1"]

1. e4 e6 2. e5 d5 3. exd6 cxd6 4. d4 Nf6 5. Nf3 Nc6 6. c3 Be7 7. Bd3 e5 8. Qe2 Bg4 9. dxe5 Nxe5 10. Bb5+ Nfd7 11. Bf4 0-0 12. h3 Nxf3+ 13. gxf3 Bg5 14. hxg4 Bxf4 15. Kf1 Ne5 16. Na3 Qb6 17. Rd1 Ng6 18. Rd4 Be5 19. Rb4 a5 20. Re4 h6 21. g5 hxg5 22. f4 gxf4 23. Qh5 Rfc8 24. Bc4 Rxc4 25. Nxc4 Qc6 26. f3 Kf8 27. Nxe5 dxe5 28. Rh2 Rd8 29. Rhe2 Rd1+ 30. Re1 Qb5+ 31. R4e2 Rd3 32. Kg2 Qd5 33. Qh3 Qxf3+ 34. Qxf3 Nh4+ 35. Kf2 Rxf3+ 36. Kg1 Rg3+ 37. Kh1 Rh3+ 38. Kg1 Nf3+ 39. Kg2 Rg3+ 40. Kf2 Nxe1 41. Rxe1 Re3 42. Rd1 g5 43. Rd7 g4 44. Rxb7 g3+ 45. Kg2 Re2+ 46. Kf1 f3 47. c4 g2+ 48. Kg1 Re1+ 0-1

[Event "Aragon-chT Autonomico"]
[Site "Aragon"]
[Date "2007.03.24"]
[Round "9"]
[White "Gavin Roche, Enrique"]
[Black "Jaques Burguete, Raul"]
[Result "1-0"]
[WhiteElo "2261"]
[BlackElo "2124"]
[PlyCount "113"]
[EventDate "2007.01.27"]
[EventType "team"]
[EventRounds "9"]
[EventCountry "ESP"]
[SourceTitle "EXT 2008"]
[Source "ChessBase"]
[SourceDate "2007.11.25"]
[SourceVersion "1"]
[SourceVersionDate "2007.11.25"]
[SourceQuality "1"]
[WhiteTeam "Aragon"]
[BlackTeam "St Casablanca IV"]
[WhiteTeamCountry "ESP"]
[BlackTeamCountry "ESP"]

1. d4 d5 2. c4 e6 3. Nc3 c6 4. cxd5 exd5 5. Bf4 Nf6 6. e3 Be6 7. Bd3 Bb4 8. Nge2 Nbd7 9. a3 Be7 10. Ng3 0-0 11. Nf5 Bxf5 12. Bxf5 g6 13. Bd3 Nh5 14. Bh6 Re8 15. g4 Nhf6 16. h4 c5 17. Kf1 cxd4 18. exd4 Qb6 19. Be2 Bf8 20. Bf4 Rac8 21. Qd2 Bg7 22. f3 a6 23. h5 Nf8 24. Rd1 Re6 25. h6 Bh8 26. Kg2 Qb3 27. Bd3 N6d7 28. Bb1 Rb6 29. Ba2 Qxb2 30. Nxd5 Ne6 31. Ne7+ Kf8 32. Nxc8 Nxf4+ 33. Kg3 Ne2+ 34. Kf2 Nc3 35. Nxb6 Nxd1+ 36. Rxd1 Bxd4+ 37. Kg2 Nxb6 38. Qxb2 Bxb2 39. Rb1 Bd4 40. Rb4 Be3 41. Rb3 Bc5 42. a4 a5 43. Rb5 Be3 44. f4 g5 45. fxg5 Nxa4 46. Rxb7 Bxg5 47. Rxf7+ Ke8 48. Rxh7 Nc3 49. Bc4 Nd1 50. Kf3 Ne3 51. Bb3 Nf1 52. Rh8+ Ke7 53. h7 Bf6 54. Rb8 Nd2+ 55. Ke2 Nxb3 56. Rxb3 a4 57. Rb8 1-0

[Event "Aragon-chT Autonomico"]
[Site "Aragon"]
[Date "2007.03.17"]
[Round "8"]
[White "Jaques Burguete, Raul"]
[Black "Llanes Luno, Ricardo"]
[Result "0-1"]
[WhiteElo "2124"]
[BlackElo "2225"]
[PlyCount "88"]
[EventDate "2007.01.27"]
[EventType "team"]
[EventRounds "9"]
[EventCountry "ESP"]
[SourceTitle "EXT 2008"]
[Source "ChessBase"]
[SourceDate "2007.11.25"]
[SourceVersion "1"]
[SourceVersionDate "2007.11.25"]
[SourceQuality "1"]
[WhiteTeam "St Casablanca IV"]
[BlackTeam "Delicias"]
[WhiteTeamCountry "ESP"]
[BlackTeamCountry "ESP"]

1. e4 c5 2. d4 cxd4 3. Bc4 e6 4. Nf3 Nc6 5. 0-0 a6 6. c3 b5 7. Bb3 d3 8. Qxd3 Qc7 9. Nbd2 Nf6 10. a4 b4 11. Nc4 Ng4 12. Be3 Nxe3 13. fxe3 Be7 14. e5 0-0 15. h4 a5 16. Bc2 g6 17. Nd6 Nxe5 18. Nxe5 Qxd6 19. Qe4 f5 20. Qf4 Bf6 21. Nxg6 Qxf4 22. Nxf4 bxc3 23. bxc3 Bb7 24. Rad1 Bc6 25. c4 Bxh4 26. Kh2 Rab8 27. Kh3 Bg5 28. g4 Rb2 29. Bd3 fxg4+ 30. Kxg4 Bxf4 31. Rxf4 Rg2+ 32. Kh3 Rxf4 33. exf4 Rf2 34. Kg3 Rf3+ 35. Kg4 h5+ 36. Kg5 h4 37. f5 h3 38. fxe6 dxe6 39. Be2 Rf5+ 40. Kg6 Be4 41. Kh6 h2 42. Bg4 Rf6+ 43. Kg5 Kg7 44. Bh5 Rf5+ 0-1

[Event "Aragon-chT Autonomico"]
[Site "Aragon"]
[Date "2007.02.10"]
[Round "3"]
[White "Alonso Blasco, Jose Miguel"]
[Black "Jaques Burguete, Raul"]
[Result "0-1"]
[WhiteElo "2107"]
[BlackElo "2124"]
[PlyCount "84"]
[EventDate "2007.01.27"]
[EventType "team"]
[EventRounds "9"]
[EventCountry "ESP"]
[SourceTitle "EXT 2008"]
[Source "ChessBase"]
[SourceDate "2007.11.25"]
[SourceVersion "1"]
[SourceVersionDate "2007.11.25"]
[SourceQuality "1"]
[WhiteTeam "Las Fuentes"]
[BlackTeam "St Casablanca IV"]
[WhiteTeamCountry "ESP"]
[BlackTeamCountry "ESP"]

1. e4 Nc6 2. Nf3 d5 3. exd5 Qxd5 4. Nc3 Qa5 5. Bb5 Bd7 6. 0-0 0-0-0 7. Qe2 a6 8. Bxc6 Bxc6 9. d4 Nf6 10. Ne5 Be8 11. Be3 e6 12. a3 Nd5 13. Bd2 Qb6 14. Nxd5 Rxd5 15. c4 Rd8 16. Be3 f6 17. Nd3 Qc6 18. c5 g5 19. a4 Qe4 20. f3 Qg6 21. Rfd1 h5 22. b4 g4 23. f4 Bc6 24. b5 Bf3 25. Qe1 Bxd1 26. Rxd1 Qe4 27. Nf2 Qd5 28. Qa5 axb5 29. axb5 h4 30. b6 h3 31. gxh3 gxh3 32. Kf1 cxb6 33. Qxb6 Qc6 34. Qb4 Rg8 35. Ke2 Rg2 36. Ra1 Rxh2 37. Ra7 Rxf2+ 38. Bxf2 h2 39. Qa5 Be7 40. Ra8+ Kd7 41. d5 exd5 42. Rxd8+ Bxd8 0-1

[Event "ESP-ch U20"]
[Site "Seville"]
[Date "1999.??.??"]
[Round "4"]
[White "Fernandez Romero, Ernesto"]
[Black "Jaques Burguete, Raul"]
[Result "1-0"]
[WhiteElo "2188"]
[BlackElo "2069"]
[PlyCount "99"]
[EventDate "1999.??.??"]
[EventType "swiss"]
[EventRounds "9"]
[EventCountry "ESP"]
[SourceTitle "EXT 2000"]
[Source "ChessBase"]
[SourceDate "1999.11.16"]
[SourceVersion "1"]
[SourceVersionDate "1999.11.16"]
[SourceQuality "1"]

1. e4 c5 2. Nf3 Nc6 3. Nc3 e6 4. d4 cxd4 5. Nxd4 Bb4 6. Nxc6 Bxc3+ 7. bxc3 dxc6 8. Qxd8+ Kxd8 9. Bf4 f6 10. e5 Ne7 11. 0-0-0+ Ke8 12. exf6 gxf6 13. Be2 e5 14. Bh5+ Ng6 15. Bh6 Kf7 16. f4 Re8 17. Rhf1 f5 18. fxe5 Rxe5 19. g4 Be6 20. gxf5 Bxf5 21. Rd7+ Ke6 22. Rfd1 Rd5 23. R1xd5 cxd5 24. Rxb7 Rc8 25. Bg7 Ne5 26. Rxa7 Rxc3 27. Ra6+ Rc6 28. Rxc6+ Nxc6 29. a4 Kd6 30. Bf8+ Kc7 31. Bc5 Na5 32. Kd2 Bd7 33. Bf7 Kc6 34. Bb4 Nc4+ 35. Kc3 Ne5 36. Bh5 Kb6 37. Kb3 Nc6 38. Bf7 Na5+ 39. Bxa5+ Kxa5 40. Bxd5 Bxa4+ 41. Kc3 Kb6 42. Bb3 Bd7 43. Kd4 Kc7 44. Ke5 Kb6 45. Kd6 Bc6 46. Bd5 Be8 47. c4 h5 48. h4 Ka7 49. c5 Kb8 50. c6 1-0